000
00218nam a22000857a 4500
001
1255738
005
20251212101931.0
245
_a
RAFADAN TAYFA EĞLENİYOR SAĞLIK MUHAFIZLARI
_c
OZAN ÇİVİT
260
_b
ERDEM YAYINLARI
999
_c
1255738
_d
1255738